Vegyesek Kéve, kereszt, kalangya, kepe /
Elmentve itt :
| Szerző: | |
|---|---|
| Dokumentumtípus: | Cikk |
| Megjelent: |
1896
|
| Sorozat: | Magyar gazdaságtörténelmi szemle
3 |
| Kulcsszavak: | Közgazdaságtudomány, Gazdaságtörténet |
| Online Access: | http://misc.bibl.u-szeged.hu/158 |
| LEADER | 00577nab a2200169 i 4500 | ||
|---|---|---|---|
| 001 | misc158 | ||
| 005 | 20191106144246.0 | ||
| 008 | 170607s1896 hu o 0|| hun d | ||
| 040 | |a SZTE Miscellanea Repozitórium |b hun | ||
| 041 | |a hun | ||
| 100 | 1 | |a A. U. | |
| 245 | 1 | 0 | |a Vegyesek |h [elektronikus dokumentum] : |b Kéve, kereszt, kalangya, kepe / |c A. U. |
| 260 | |c 1896 | ||
| 300 | |a 363 | ||
| 490 | 0 | |a Magyar gazdaságtörténelmi szemle |v 3 | |
| 695 | |a Közgazdaságtudomány, Gazdaságtörténet | ||
| 856 | 4 | 0 | |u http://misc.bibl.u-szeged.hu/158/1/gazd_tort_szeml_1896_363.pdf |z Dokumentum-elérés |